[Event "Llinars del Valles op 1st"]
[Site "Llinars del Valles"]
[Date "2021.06.25"]
[Round "1"]
[White "Cordomi Fons, Francesco"]
[Black "Delgado Torra, Bruno"]
[Result "1/2-1/2"]
[WhiteElo "1909"]
[BlackElo "1531"]
[PlyCount "83"]
[EventDate "2021.06.25"]
[EventType "swiss"]
[EventRounds "9"]
[EventCountry "ESP"]
[SourceTitle "CBM 203 Extra"]
[Source "ChessBase"]
[SourceDate "2021.09.30"]
[SourceVersion "1"]
[SourceVersionDate "2021.09.30"]
[SourceQuality "1"]

1. e4 c5 2. b4 e5 3. bxc5 Bxc5 4. Nf3 Nc6 5. c3 Nf6 6. Bd3 d5 7. Qe2 dxe4 8. Bxe4 Nxe4 9. Qxe4 0-0 10. 0-0 Re8 11. Na3 Bxa3 12. Bxa3 f5 13. Qc4+ Be6 14. Qb5 e4 15. Nd4 Nxd4 16. cxd4 Qxd4 17. Bb2 Qxd2 18. Qxb7 Bf7 19. Rfd1 Qc2 20. Rac1 Qa4 21. Qd7 Qxd7 22. Rxd7 Red8 23. Rdc7 Rd2 24. Rb7 Bxa2 25. Rxg7+ Kf8 26. Bc3 Rc8 27. Rg3 Rd4 28. h4 Rdc4 29. Bb4+ Kf7 30. Rxc4 Rxc4 31. Ra3 Rxb4 32. Rxa7+ Ke6 33. Rxa2 Rb1+ 34. Kh2 Rd1 35. Kg3 Ke5 36. Ra5+ Rd5 37. Ra7 Rd3+ 38. Kh2 h5 39. Rh7 Rd2 40. Kg1 Rd1+ 41. Kh2 Rd2 42. Kg1 1/2-1/2

[Event "Barcelona Tres Peons op 22nd"]
[Site "Barcelona"]
[Date "2020.01.15"]
[Round "2"]
[White "Fernandez Goyanes, Francesc X"]
[Black "Delgado Torra, Bruno"]
[Result "1-0"]
[WhiteElo "2127"]
[BlackElo "1577"]
[PlyCount "75"]
[EventDate "2020.01.08"]
[EventType "swiss"]
[EventRounds "9"]
[EventCountry "ESP"]
[SourceTitle "CBM 195 Extra"]
[Source "ChessBase"]
[SourceDate "2020.05.31"]
[SourceVersion "1"]
[SourceVersionDate "2020.05.31"]
[SourceQuality "1"]

1. d4 Nf6 2. c4 e6 3. Nf3 d5 4. g3 c6 5. Bg2 Be7 6. 0-0 0-0 7. Nc3 Nbd7 8. b3 b6 9. Bb2 Bb7 10. Qc2 h6 11. Rad1 Rc8 12. e4 dxe4 13. Ne5 Qc7 14. Nxe4 Rfd8 15. Nxf6+ Bxf6 16. Ng4 Be7 17. Rfe1 Nf6 18. Ne3 b5 19. c5 Re8 20. Qe2 Qd7 21. Nf1 Nd5 22. Nd2 Bf8 23. Nf3 f6 24. Bh3 Kf7 25. Qd3 g6 26. Nh4 f5 27. Bc1 Bg7 28. Nf3 Qe7 29. Ne5+ Bxe5 30. Rxe5 Kg7 31. Qd2 Rh8 32. Rde1 Nc7 33. Bg2 Rce8 34. Qa5 Bc8 35. Bxc6 Rd8 36. Bb2 Kf7 37. d5 Rhf8 38. d6 1-0